GENRE DES PAYS D EUROPE - Statistiques

Statistiques générales
  • Ce quiz a été pris 316 fois
    282 depuis la dernière actualisation
  • Le résultat moyen est 9 sur 11
Statistiques - réponses
PAYS % Correct
11 Portugal
93%
9 Liechtenstein
89%
7 Luxembourg
88%
4 Vatican
87%
5 Kosovo
86%
10 Danemark
84%
2 Montenegro
80%
3 Royaume-Uni
78%
1 Pays-Bas
76%
6 Saint-Marin
67%
8 Monaco
66%
Aucun quiz correspondant
Distribution des résultats
% des personnes avec chaque résultat
Percentile par nombre de réponses
Votre historique - résultats
Vous n’avez pas pris ce quiz depuis la dernière actualisation